| 000 | 00629nam a2200217Ia 4500 | ||
|---|---|---|---|
| 020 | _a(pbk) | ||
| 082 |
_a297 _bBAD |
||
| 100 |
_aBadawi, Jamal A. _937205 |
||
| 245 | _aAl Taharah | ||
| 260 |
_aIslamabad: _bDa'wah Academy, _c1989 |
||
| 300 | _a38p. | ||
| 500 | _aThe language is Spanish | ||
| 526 |
_a0 _b0 _c0 _d297_000000000000000_BAD |
||
| 526 |
_a0 _b0 _c0 _d297_000000000000000_BAD |
||
| 526 |
_a0 _b0 _c0 _d297_000000000000000_BAD |
||
| 526 |
_a0 _b0 _c0 _d297_000000000000000_BAD |
||
| 650 |
_aIslamic Religious Practice _937206 |
||
| 650 |
_aMCE _9379 |
||
| 700 |
_aJordon, F. J. Mustafa Soheil _937207 |
||
| 942 |
_2ddc _cBK |
||
| 999 |
_c542099 _d542099 |
||